书目信息 |
| 题名: |
基因的表达与调控
|
|
| 作者: | 马骏 主编 | |
| 分册: | ||
| 出版信息: | 北京 高等教育出版社 2006.03 |
|
| 页数: | 582页 | |
| 开本: | 29cm | |
| 丛书名: | ||
| 单 册: | ||
| 中图分类: | Q753 | |
| 科图分类: | ||
| 主题词: | 基因表达--ji yin biao da--研究--英文 | |
| 电子资源: | ||
| ISBN: | 7-04-017675-0 | |
| 000 | 00973nam0 2200241 450 | |
| 001 | 012006261332 | |
| 005 | 20060805104803.07 | |
| 010 | @a7-04-017675-0@b精装@dCNY128.00 | |
| 100 | @a20060805d2006 km y0chiy0120 ea | |
| 101 | 0 | @aeng |
| 102 | @aCN@b110000 | |
| 105 | @aa z 000yy | |
| 106 | @ar | |
| 200 | 1 | @a基因的表达与调控@Aji yin de biao da yu tiao kong@d= Gene Expression and Regulation@f马骏主编@Fma jun zhu bian@zeng |
| 210 | @a北京@c高等教育出版社@d2006.03 | |
| 215 | @a582页@c图@d29cm | |
| 330 | @a本书内容主要讲述基因的调控实质上位于所有生物过程的中心环节。正是不同单元基因表达的控制造就了机体内的细胞各异。细胞的正常和病变状态,如肿瘤等也反映了基因表达的不同模式。这本权威的、最新的、系统的参考书全面反映了基因调控的当前热点问题。 | |
| 510 | 1 | @aGene Expression and Regulation@zeng |
| 606 | 0 | @a基因表达@Aji yin biao da@x研究@x英文 |
| 690 | @aQ753@v4 | |
| 701 | 0 | @a马骏@Ama jun@4主编 |
| 801 | 0 | @aCN@bQSSK@c20060805 |
| 905 | @b597928-29@dQ753@eM076 | |
| 基因的表达与调控= Gene Expression and Regulation/马骏主编.-北京:高等教育出版社,2006.03 |
| 582页:图;29cm |
| ISBN 7-04-017675-0(精装):CNY128.00 |
| 本书内容主要讲述基因的调控实质上位于所有生物过程的中心环节。正是不同单元基因表达的控制造就了机体内的细胞各异。细胞的正常和病变状态,如肿瘤等也反映了基因表达的不同模式。这本权威的、最新的、系统的参考书全面反映了基因调控的当前热点问题。 |
| ● |
| 相关链接 |
|
|
|
正题名:基因的表达与调控
索取号:Q753/M076
 
预约/预借
| 序号 | 登录号 | 条形码 | 馆藏地/架位号 | 状态 | 备注 |
| 1 | 597928 | 205979280 | 自科库401/401自科库 31排2列2层/ [索取号:Q753/M076] | 在馆 | |
| 2 | 597929 | 205979299 | 自科库401/401自科库 31排2列2层/ [索取号:Q753/M076] | 在馆 |